Futbolcuların Oynadığı Takımlar 2024/2025 - Statistics

General Stats
  • This quiz has been taken 627 times
  • The average score is 12 of 15
Answer Stats
Players Teams % Correct
Arda Güler Real Madrid
99%
Barış Alper Yılmaz Galatasaray
97%
Kenan Yıldız Juventus
97%
Fred Fenerbahçe
96%
Rafa Silva Beşiktaş
95%
Hakan Çalhanoğlu Inter
95%
Cristiano Ronaldo Al Nassr
90%
Lionel Messi Inter Miami
90%
Altay Bayındır Manchester United
90%
Kerem Aktürkoğlu Benfica
89%
Simon Banza Trabzonspor
81%
Rej Manaj Sivasspor
70%
Pau Cubarsí Barcelona
69%
Adeyemi Borussia Dortmund
66%
İsmail Çipe Sakaryaspor
21%
No matching quizzes found
Score Distribution
Percent of People with Each Score
Percentile by Number Answered
Your Score History
You have not taken this quiz